Managing Human Resources: (Record no. 2400)

MARC details
000 -LEADER
fixed length control field 00605nam a22002057a 4500
003 - CONTROL NUMBER IDENTIFIER
control field OSt
005 - DATE AND TIME OF LATEST TRANSACTION
control field 20160303141433.0
008 - FIXED-LENGTH DATA ELEMENTS--GENERAL INFORMATION
fixed length control field 151103b xxu||||| |||| 00| 0 eng d
020 ## - INTERNATIONAL STANDARD BOOK NUMBER
International Standard Book Number 9780071318198
040 ## - CATALOGING SOURCE
Transcribing agency DDC;
082 ## - DEWEY DECIMAL CLASSIFICATION NUMBER
Classification number 658.3;
Item number .CAS;2013
100 ## - MAIN ENTRY--PERSONAL NAME
Personal name Cascio,F Wayne;
9 (RLIN) 5963
245 ## - TITLE STATEMENT
Title Managing Human Resources:
Remainder of title Productivity, Quality Of work Life,Profits
250 ## - EDITION STATEMENT
Edition statement 9th ed.
260 ## - PUBLICATION, DISTRIBUTION, ETC. (IMPRINT)
Place of publication, distribution, etc. New York;
Name of publisher, distributor, etc. McGraw-Hill,
Date of publication, distribution, etc. 2013
300 ## - PHYSICAL DESCRIPTION
Extent xxxii,736p;
Other physical details col,ill;
Dimensions 25.5cm
504 ## - BIBLIOGRAPHY, ETC. NOTE
Bibliography, etc References,glossary & index included
650 ## - SUBJECT ADDED ENTRY--TOPICAL TERM
Topical term or geographic name as entry element Human Resouce Management
9 (RLIN) 5964
942 ## - ADDED ENTRY ELEMENTS (KOHA)
Source of classification or shelving scheme Dewey Decimal Classification
Koha item type Open Shelf
Holdings
Withdrawn status Lost status Source of classification or shelving scheme Damaged status Not for loan Home library Current library Date acquired Source of acquisition Inventory number Total Checkouts Full call number Barcode Date last seen Koha item type Public note Price effective from
    Dewey Decimal Classification     Faculty of Management Science Library Faculty of Management Science Library 06/04/2022 Purchase 17/40164   658.3; .CAS;2013 2022-0641 06/04/2022 Book   06/04/2022
    Dewey Decimal Classification     MUST Main Library MUST Main Library 03/03/2016   15/39593   658.3; .CAS;2013 2016-0330 03/03/2016 Open Shelf No borrowing